| 000 | 00644nam a22002291c 4500 | ||
|---|---|---|---|
| 001 | 414920244 | ||
| 003 | RU-10907106 | ||
| 005 | 20240123143455.0 | ||
| 008 | 100902s1970 gw |||| 000u ger d | ||
| 040 | _cRU-10907106 | ||
| 041 | _ager | ||
| 100 | 1 |
_aStumpp, Karl _956287 |
|
| 245 | 0 | 4 |
_aDas Schrifttum über das Deutschtum in Rußland : _beine Bibliographie / _cKarl Stumpp |
| 250 | _a2., erw. Aufl. | ||
| 264 |
_aStuttgart : _bSelbstverlag Stumpp, _c1970 |
||
| 300 | _a74 S. | ||
| 650 | 0 | _aDeutsche | |
| 650 | 0 |
_aRusslanddeutsche _97243 |
|
| 650 | 0 |
_aNationalitätenpolitik _92820 |
|
| 655 | 0 |
_aBibliographie _93973 |
|
| 942 |
_cMG _2z |
||
| 999 |
_c23367 _d23367 |
||